Internationale ökonomische Organisationen der RWG-Länder
Gespeichert in:
| 1. Verfasser: | |
|---|---|
| Weitere Verfasser: | , |
| Format: | Buch |
| Sprache: | Deutsch |
| Veröffentlicht: |
Berlin
Dietz
1980
|
| Tags: |
Keine Tags, Fügen Sie das erste Tag hinzu!
|
MARC
| LEADER | 00000nam a2200000 4500 | ||
|---|---|---|---|
| 001 | c139524 | ||
| 005 | 20250512083512.5 | ||
| 041 | 0 | |a ger | |
| 044 | |a DE | ||
| 245 | 1 | 0 | |a Internationale ökonomische Organisationen der RWG-Länder |c Hans Bruder, Willi Kunz, Siegfried Leidreiter |
| 264 | 1 | |a Berlin |b Dietz |c 1980 | |
| 300 | |a 151 s. | ||
| 100 | 1 | |a Bruder, Hans | |
| 700 | 1 | |a Kunz, Willi | |
| 700 | 1 | |a Leidreiter, Siegfried | |